[Event "Ostrava op"]
[Site "Ostrava"]
[Date "2009.05.08"]
[Round "7"]
[White "Slanina, Lumir"]
[Black "Zinglar, David"]
[Result "0-1"]
[WhiteElo "1760"]
[BlackElo "1960"]
[PlyCount "50"]
[EventDate "2009.05.02"]
[EventType "swiss"]
[EventRounds "9"]
[EventCountry "CZE"]
[SourceTitle "EXT 2011"]
[Source "ChessBase"]
[SourceDate "2010.11.26"]
[SourceVersion "1"]
[SourceVersionDate "2010.11.26"]
[SourceQuality "1"]

1. e4 c5 2. c4 e6 3. Nc3 a6 4. a4 Nc6 5. Nf3 Qc7 6. Be2 Nf6 7. 0-0 Be7 8. d4 cxd4 9. Nxd4 0-0 10. b3 Bb4 11. Nxc6 dxc6 12. Na2 Bd6 13. Bd3 Bxh2+ 14. Kh1 Be5 15. Rb1 Bf4 16. Bb2 e5 17. Nc3 Bg4 18. f3 Be6 19. Ne2 Nh5 20. Bc1 Ng3+ 21. Nxg3 Bxg3 22. Ba3 Qd8 23. Kg1 Qh4 24. Re1 Qh2+ 25. Kf1 Qh1+ 0-1

[Event "Ostrava op"]
[Site "Ostrava"]
[Date "2009.05.06"]
[Round "5"]
[White "Slanina, Lumir"]
[Black "Kriebel, Rudolf"]
[Result "0-1"]
[WhiteElo "1760"]
[BlackElo "1890"]
[PlyCount "94"]
[EventDate "2009.05.02"]
[EventType "swiss"]
[EventRounds "9"]
[EventCountry "CZE"]
[SourceTitle "EXT 2011"]
[Source "ChessBase"]
[SourceDate "2010.11.26"]
[SourceVersion "1"]
[SourceVersionDate "2010.11.26"]
[SourceQuality "1"]

1. e4 c5 2. c4 Nc6 3. Nf3 d6 4. h3 Nf6 5. Nc3 g6 6. d4 cxd4 7. Nxd4 Bg7 8. Nxc6 bxc6 9. Bd3 0-0 10. Bg5 Rb8 11. Qc2 Nd7 12. 0-0 Re8 13. Rab1 Nc5 14. b4 Nxd3 15. Qxd3 Qc7 16. a4 f5 17. f3 Be6 18. Be3 Rb7 19. Bd4 Reb8 20. Bxg7 Kxg7 21. Qd4+ Kg8 22. c5 dxc5 23. bxc5 Rxb1 24. Rxb1 Rd8 25. Rb7 Qxb7 26. Qxd8+ Kg7 27. g4 a5 28. Qd4+ Kg8 29. exf5 gxf5 30. Kf2 Qb2+ 31. Kg3 Qb8+ 32. Qf4 Qxf4+ 33. Kxf4 fxg4 34. hxg4 Bb3 35. Ke5 h6 36. f4 Kf7 37. f5 Kg7 38. Kf4 Bc2 39. g5 hxg5+ 40. Kxg5 Kf7 41. Kf4 Kf6 42. Ne4+ Bxe4 43. Kxe4 e5 44. fxe6 Kxe6 45. Kd4 Kf5 46. Kd3 Ke5 47. Kc4 Ke4 0-1

[Event "Ostrava op"]
[Site "Ostrava"]
[Date "2009.05.05"]
[Round "4"]
[White "Stracanek, Vladimir"]
[Black "Slanina, Lumir"]
[Result "0-1"]
[WhiteElo "1945"]
[BlackElo "1760"]
[PlyCount "80"]
[EventDate "2009.05.02"]
[EventType "swiss"]
[EventRounds "9"]
[EventCountry "CZE"]
[SourceTitle "EXT 2011"]
[Source "ChessBase"]
[SourceDate "2010.11.26"]
[SourceVersion "1"]
[SourceVersionDate "2010.11.26"]
[SourceQuality "1"]

1. e4 c5 2. c3 e5 3. Nf3 Nc6 4. Bc4 h6 5. a3 Nf6 6. d3 a6 7. 0-0 b5 8. Bb3 Be7 9. Re1 d6 10. Nbd2 Be6 11. Bc2 Qb6 12. Nf1 0-0-0 13. b4 c4 14. Be3 Qb7 15. a4 d5 16. exd5 Rxd5 17. axb5 axb5 18. Qb1 Ng4 19. dxc4 bxc4 20. Be4 Nxe3 21. Nxe3 Rb5 22. Re2 Bd6 23. Rea2 Kc7 24. Ra7 Qxa7 25. Rxa7+ Nxa7 26. Qa2 Nc6 27. Qe2 Ra8 28. h3 Ra1+ 29. Kh2 f5 30. Nxf5 Bxf5 31. Qxc4 Bxe4 32. Qxb5 Bd3 33. Qd5 e4+ 34. g3 Ne7 35. Qf7 exf3 36. Qxg7 Rf1 37. Qd4 Nf5 38. Qxd3 Rxf2+ 39. Kg1 Rg2+ 40. Kf1 Nxg3+ 0-1